000 00556nam a22002177a 4500
999 _c6820
_d6820
001 6820
003 BD-JhCC
005 20190704134014.0
008 180130b xxu||||| |||| 00| 0 eng d
035 _a(BD-JhCC)6820
040 _aBD-JhCC
_dBD-JhCC
041 _aeng
082 _a511.07
_bMAT 1963
245 _aMathematics 8 /
_cE. T. Mcswain...[ et. all.].
260 _aIllinois :
_bLaidlaw Brothers Publishers,
_c1963.
300 _a384 p. :
_c26 cm.
650 _aMathematics
700 _aMcswain, E. T.
942 _2ddc
_cBK
_01